Word Ladder: I Am Batman Quiz Stats

 Plays Quiz Updated Jul 20, 2012

Support Sporcle.
Go Orange.
Score 0/28 Timer 02:00
1 Play Today
Clue 4-Letter Word % Correct
** The ____ Knight Rises **DARK
98.9%
An odd, awkward or nerdy personDORK
89.7%
Finding Nemo characterDORY
86.9%
** _______ Oldman **GARY
85%
** Christian _____ **BALE
84.1%
Bloody and violentGORY
84%
** Flying mammals **BATS
77.4%
Bowlers and fedorasHATS
73.8%
Leafy vegetableKALE
72.1%
Shelley or SteenburgenMARY
68.2%
** ____ Zimmer (film composer) **HANS
67.6%
A filly after 3 years of ageMARE
63.2%
** Selina _____ **KYLE
62.1%
Prohibits an activityBANS
59.9%
Clue 4-Letter Word % Correct
To moderate or restrainBATE
56.9%
Flammable funeral structurePYRE
54.1%
To cut away an outer layer/partPARE
54.1%
** Gotham's Reckoning **BANE
53%
Lovett or WaggonerLYLE
52.7%
Apollo's instrumentLYRE
51.7%
Tiny skin openingPORE
51.6%
** 'Your punishment must be _____ severe.' **MORE
46.1%
Decrease in intensity or sizeWANE
41.1%
An often flexible strand of metalWIRE
40.3%
Fortified winePORT
40.2%
Something that is bought or soldWARE
39.2%
A bog or slimy soilMIRE
36%
** ____ 3 in Nolan's Trilogy **PART
32.6%

Today's Daily Dose

Missing Word
Candy Slogans

Quick Pick
Batman's Robins

Get the Picture
Streaming Services

From the Vault

Start at the End Minefield II

by mrsmith

Let's hope there's a happy ending.
Remove Ads.
Support Sporcle.
Get the best of Sporcle when you Go Orange. This ad-free experience offers more features, more stats, and more fun while also helping to support Sporcle. Thank you for becoming a member.

Show Comments

Extras

Top Quizzes Today


Score Distribution

Your Account Isn't Verified!

In order to create a playlist on Sporcle, you need to verify the email address you used during registration. Go to your Sporcle Settings to finish the process.

Report this User

Report this user for behavior that violates our Community Guidelines.

Details: